| 000 | 00788nam a22001937a 4500 | ||
|---|---|---|---|
| 999 |
_c176132 _d176132 |
||
| 005 | 20201117115943.0 | ||
| 010 | _aUR-10929 | ||
| 020 |
_c200.00 _a- |
||
| 035 | _aU-9484 | ||
| 037 | _bDBAD/PUB | ||
| 082 | _a440.4 | ||
| 100 | _aفير د و س تقی | ||
| 245 |
_aا ر د و کی خو ا تين نا و ل نگا ر و ں ميں کر د ا ر نگا ر ی کے ا متيا ز ی پہلو _cفير د و س تقی |
||
| 246 |
_bUrdu Ki Khawateen Novel Nigaron Mein Kirdar Nigari Ke Imtiyazi Pehlu (Urdu) _aby Firdaus Taqi |
||
| 260 |
_aN.Delhi _bEducational Publishing House _c2020 ء |
||
| 270 |
_aH.O.D1/16,Ansari Road,Darya ganj, _bN.Delhi _e110002 _k45678285,23216162 _l0091-11-23211540 |
||
| 300 |
_a325 ص _c22 Cm(Hb) |
||
| 942 |
_2ddc _cUR _h440.4 _mف ی ر |
||